Fortune's soldier/ (Record no. 193123)

MARC details
000 -LEADER
fixed length control field 00568nam a22001817a 4500
005 - DATE AND TIME OF LATEST TRANSACTION
control field 20221025115222.0
010 ## - LCCN (DPL NO)
LC control number ENG-135433
020 ## - INTERNATIONAL STANDARD BOOK NUMBER
International Standard Book Number 9789351952985
Terms of availability 599.00
035 ## - SYSTEM CONTROL NUMBER
System control number EN-118965
037 ## - SOURCE OF ACQUISITION
Source of stock number/acquisition DBAD/PUB
082 ## - DEWEY DECIMAL CLASSIFICATION NUMBER
Classification number 883.9
100 ## - MAIN ENTRY--PERSONAL NAME
Personal name Rutherford, alex
245 ## - TITLE STATEMENT
Title Fortune's soldier/
Statement of responsibility, etc by alex rutherford
260 ## - PUBLICATION, DISTRIBUTION, ETC. (IMPRINT)
Place of publication, distribution, etc Gurugram
Name of publisher, distributor, etc Hachette book publising
Date of publication, distribution, etc 2018
270 ## - ADDRESS
Address 4th&5th floors, corporate centre, plot no 94, sector 44
City Gurugram
Postal code 122003
300 ## - PHYSICAL DESCRIPTION
Extent 429p.
Dimensions 23cm(pbk)
Other physical details Acknowledgements
942 ## - ADDED ENTRY ELEMENTS (KOHA)
Source of classification or shelving scheme Dewey Decimal Classification
Item type English Books
Call number suffix RUT
Classification part 883.9
Holdings
Withdrawn status Lost status Not for loan Collection code Home library Current library Date acquired Source of acquisition Cost, normal purchase price Full call number Barcode Copy number Cost, replacement price Koha item type
      Non-fiction Bawana Bawana 17/10/2022 DBAD/PUB 599.00 883.9 RUT EN-118965 1 599.00 English Books

© Delhi Public Library
Hit Counter
free hit counter